| 000 | 00869nam a2200229Ia 4500 | ||
|---|---|---|---|
| 008 | 130821s2011 sp gr spa | ||
| 020 | _a9788430608034 | ||
| 040 |
_aCo-BoUCM _bspa _cAngélica Rojas (modificó) _dAldemar Mondragón (modificó) |
||
| 041 | 0 | 0 | _aspa |
| 100 | 1 |
_aMartel, Frédéric _932405 |
|
| 245 | 1 | 0 |
_aCultura mainstream cómo nacen los fenómenos de masas _cFrédéric Martel ; traducción de Nuría Petit Fontserè |
| 260 |
_aMadrid (España) _bTaurus _c2011 |
||
| 300 | _a458 páginas | ||
| 504 | _aIncluye referencias bibliográficas | ||
| 650 | 7 |
_aPelículas cinematográficas _vAspectos sociales _97903 |
|
| 650 | 7 |
_aSociedad de masas _924724 |
|
| 690 |
_aCultura _912390 |
||
| 700 | 1 |
_aPetit Fontseré, Núria _932406 _etraductor |
|
| 765 | _tMainstream | ||
| 942 |
_cLIBRO _a5 _e1 _mM376c _2DEWEY _h306 |
||
| 999 |
_c40985 _d40985 |
||